| 000 | 00641nam a2200181Ia 4500 | ||
|---|---|---|---|
| 008 | 100921s9999 xx 000 0 und d | ||
| 082 |
_b43980 _a796 न 07 |
||
| 100 | _aचौगुले श्रीकांत. | ||
| 245 | _aघरदार. | ||
| 260 |
_bआविष्कार प्रकाशन,पुणे. _c2007 |
||
| 300 |
_a64 _bअक्षरधारा प्रदर्शन. |
||
| 365 | _b30 | ||
| 520 | _aकला-वास्तुशिल्पकला. | ||
| 630 | _aघरदार. | ||
| 650 | _aकला-वास्तुशिल्पकला. | ||
| 730 | _aघरदार. | ||
| 942 | _cBOOK | ||
| 999 |
_c793093 _d793090 |
||